What WWE Wrestlers have Main Evented WrestleMania? - Statistics

General Stats
  • This quiz has been taken 142 times
  • The average score is 30 of 37
Answer Stats
Hint Answer % Correct
1985,1986,1987,1989,1990,1991,1992,1993 Hulk Hogan
98%
2006,2007,2011,2012,2013 John Cena
98%
2003,2015,2018 Brock Lesnar
96%
1999,2000,2001,2012,2013 The Rock
96%
1997,2008,2010,2017 The Undertaker
95%
2000,2002,2004,2005,2006,2009 Triple H
95%
2009,2014 Randy Orton
94%
2015,2016,2017,2018 Roman Reigns
94%
1996,1998,2004,2007,2010 Shawn Michaels
94%
2005,2014 Batista
93%
2015 Seth Rollins
93%
1998,1999,2001 Stone Cold Steve Austin
93%
2014 Daniel Bryan
90%
2008 Edge
90%
1993,1994,1996 Bret Hart
89%
2019 Charlotte Flair
88%
2003 Kurt Angle
87%
2004 Chris Benoit
86%
2019 Becky Lynch
85%
2000 Big Show
85%
1988,1989 Randy Savage
85%
1987 Andre the Giant
82%
2011 The Miz
82%
1990 The Ultimate Warrior
81%
1993,1994 Yokozuna
81%
2002 Chris Jericho
80%
2000 Mick Foley
80%
2019 Ronda Rousey
79%
1985 Roddy Piper
77%
1985 Mr.T
75%
1986 King Kong Bundy
62%
1991 Sgt.Slaughter
58%
1985 Paul Orndorff
57%
1988 Ted DiBiase
57%
1995 Bam Bam Bigelow
56%
1995 Lawrence Taylor
54%
1992 Sid Justice
37%
No matching quizzes found
Score Distribution
Percent of People with Each Score
Percentile by Number Answered
Your Score History
You have not taken this quiz